00790nam a2200205 a 450000100100000000500170001000800410002704000250006808200150009310000350010824501240014326000340026730000200030149000330032171000510035483000400040504900090044595201130045499900170056700002998820240307073948.0110428s1978 dr 000 0 spa d aDO-SdBNPbspacBNPHU axxxbS232i1 aSantana Rivera, Félix93080610aIncidencia de la mujer en la economía dominicana :bcaso particular de la mujer secretaria /cFélix Santana Rivera. aSanto Domingo :bUASD,c1978. a15 p. ;c22 cm.1 aUASD Criticavno. 24vv. 2511 aUniversidad Autónoma de Santo Domingo972951 0aUASD Criticanno. 24vv. 251956716 aBNPD 0010718PDaPDbPDcCTd2011-04-28iLF1l0oxxx S232ip29988-10r2020-06-25w2020-06-25yLFPDZNo se presta c29480d29480